[Event "Barcelona Segura Memorial 1st"]
[Site "Barcelona"]
[Date "2021.10.20"]
[Round "4"]
[White "Tebar Ramon, Juan Bosco"]
[Black "Marza Vendrell, Conrado"]
[Result "1/2-1/2"]
[WhiteElo "1802"]
[BlackElo "1845"]
[PlyCount "26"]
[EventDate "2021.09.29"]
[EventType "swiss"]
[EventRounds "9"]
[EventCountry "ESP"]
[SourceTitle "EXT 2023"]
[Source "ChessBase"]
[SourceDate "2022.10.05"]
[SourceVersion "1"]
[SourceVersionDate "2022.10.05"]
[SourceQuality "1"]

1. d4 Nf6 2. c4 e5 3. dxe5 Ne4 4. Nf3 Bb4+ 5. Bd2 Nxd2 6. Nbxd2 Nc6 7. a3 Bxd2+ 8. Qxd2 Qe7 9. e3 0-0 10. Be2 Nxe5 11. Nxe5 Qxe5 12. Bf3 d6 13. Qd4 Qxd4 1/2-1/2

[Event "Cornella Pinol Memorial 5th"]
[Site "Cornella de Llobregat"]
[Date "2017.11.13"]
[Round "8"]
[White "Costa Trave, Jaume"]
[Black "Tebar Ramon, Juan Bosco"]
[Result "1-0"]
[WhiteElo "1771"]
[BlackElo "1976"]
[PlyCount "113"]
[EventDate "2017.09.25"]
[EventType "swiss"]
[EventRounds "9"]
[EventCountry "ESP"]
[SourceTitle "CBM 181 Extra"]
[Source "ChessBase"]
[SourceDate "2017.12.12"]
[SourceVersion "1"]
[SourceVersionDate "2017.12.12"]
[SourceQuality "1"]

1. f4 d5 2. c4 d4 3. d3 Nf6 4. e4 dxe3 5. Bxe3 Ng4 6. Bc1 e5 7. Be2 exf4 8. Nf3 Bb4+ 9. Nc3 Ne3 10. Bxe3 fxe3 11. d4 0-0 12. 0-0 Bxc3 13. bxc3 Bg4 14. Qd3 Qe7 15. Rae1 Nd7 16. Bd1 Rae8 17. Re2 g6 18. Rfe1 Bxf3 19. gxf3 Qh4 20. c5 Nf6 21. Bb3 Nh5 22. Rxe3 Qg5+ 23. Kf2 Rxe3 24. Rxe3 Nf4 25. Qf1 Qh4+ 26. Kg1 h5 27. Kh1 Qg5 28. Re4 Kg7 29. Qg1 Qf5 30. Qg3 Ne6 31. Qe5+ Qxe5 32. Rxe5 Kf6 33. Kg2 g5 34. h4 Rg8 35. Kg3 gxh4+ 36. Kxh4 Nf4 37. Re4 Ne6 38. Kxh5 Rg5+ 39. Kh4 Rg2 40. Kh3 Rd2 41. Re3 c6 42. Kg3 Nc7 43. f4 Ne6 44. Kf3 b6 45. cxb6 axb6 46. Ke4 Nc7 47. c4 Ne6 48. d5 cxd5+ 49. cxd5 Rd4+ 50. Kf3 Nxf4 51. Re4 Rxe4 52. Kxe4 Ng6 53. d6 Ne5 54. Kd5 Kf5 55. Ba4 Kf4 56. d7 Nxd7 57. Bxd7 1-0

[Event "Cornella de Llobregat op"]
[Site "Cornella de Llobregat"]
[Date "2017.05.22"]
[Round "6"]
[White "Tebar Ramon, Juan Bosco"]
[Black "Capellades Subirana, Marc"]
[Result "0-1"]
[WhiteElo "2108"]
[BlackElo "2331"]
[PlyCount "115"]
[EventDate "2017.04.03"]
[EventType "swiss"]
[EventRounds "7"]
[EventCountry "ESP"]
[SourceTitle "EXT 2018"]
[Source "ChessBase"]
[SourceDate "2017.10.13"]
[SourceVersion "1"]
[SourceVersionDate "2017.10.13"]
[SourceQuality "1"]

1. d4 Nf6 2. Nf3 c5 3. d5 e6 4. Nc3 d6 5. e4 Nbd7 6. a4 Be7 7. dxe6 fxe6 8. e5 Nxe5 9. Nxe5 dxe5 10. Qxd8+ Kxd8 11. Bc4 Bd6 12. Bg5 h6 13. 0-0-0 hxg5 14. Rxd6+ Ke7 15. Rd2 Bd7 16. Re2 e4 17. Nxe4 Nxe4 18. Rxe4 Raf8 19. f3 Rf4 20. Rxf4 gxf4 21. a5 Rh5 22. Kd2 Bc6 23. Re1 Rxh2 24. Rxe6+ Kd7 25. Re2 Rh5 26. Kc3 Rg5 27. Be6+ Kd6 28. Bg4 Re5 29. Rxe5 Kxe5 30. Kc4 Kd6 31. Kd3 Bd5 32. c3 g5 33. b4 Ba2 34. Bc8 b6 35. axb6 axb6 36. bxc5+ bxc5 37. c4 Bb1+ 38. Kc3 Bg6 39. Bg4 Ke5 40. Bc8 Kf6 41. Bg4 Ke7 42. Kb3 Bd3 43. Kc3 Bf1 44. Bh3 Kd6 45. Kb3 Kc7 46. Kc3 Kc6 47. Kb3 Kd6 48. Kc3 Ke5 49. Bg4 Bxg2 50. Bh5 Bh3 51. Kd3 Be6 52. Kc3 Bf5 53. Be8 g4 54. fxg4 Bxg4 55. Bc6 Bf5 56. Bf3 Be4 57. Be2 Bg2 58. Kd2 0-1

[Event "Cornella de Llobregat Vallve Pinol 3rd"]
[Site "Cornella de Llobregat"]
[Date "2015.10.26"]
[Round "5.7"]
[White "Prats Rodriguez, Juan Bosco"]
[Black "Tebar Ramon, Juan Bosco"]
[Result "1/2-1/2"]
[WhiteElo "2251"]
[BlackElo "2063"]
[PlyCount "103"]
[EventDate "2015.09.21"]
[EventType "swiss"]
[EventRounds "9"]
[EventCountry "ESP"]
[SourceTitle "EXT 2024"]
[Source "ChessBase"]
[SourceDate "2023.10.10"]
[SourceVersion "1"]
[SourceVersionDate "2023.10.10"]
[SourceQuality "1"]

1. e4 e6 2. d4 d5 3. e5 c5 4. c3 Nc6 5. Nf3 Bd7 6. dxc5 Bxc5 7. b4 Be7 8. b5 Na5 9. Bd3 Nc4 10. a4 a6 11. bxa6 Rxa6 12. 0-0 b5 13. Nbd2 Nh6 14. Nxc4 dxc4 15. Bc2 Nf5 16. Bd2 bxa4 17. Bxa4 0-0 18. Bxd7 Rxa1 19. Qxa1 Qxd7 20. Qa6 Qd5 21. Ra1 Nh4 22. Nxh4 Qxd2 23. Qxc4 Bxh4 24. Qxh4 Qxc3 25. Rd1 Qxe5 26. h3 h6 27. Rd8 Qe1+ 28. Kh2 Rxd8 29. Qxd8+ Kh7 30. Qd3+ g6 31. Qf3 Qe5+ 32. Kg1 Qe1+ 33. Kh2 Qe5+ 34. Kg1 Kg7 35. h4 h5 36. g3 Qd4 37. Qe2 e5 38. Kg2 e4 39. Qc2 Qd3 40. Qb2+ Kh7 41. Qf6 Qd5 42. Kg1 Kg8 43. Qf4 Kg7 44. Qc7 Qd1+ 45. Kh2 Qf3 46. Qe5+ Qf6 47. Qc5 Qe6 48. Qa7 Qd5 49. Qe7 Qf5 50. Kg1 Qf3 51. Qe5+ Kh7 52. Qd5 1/2-1/2

[Event "Cornella Pinol Memorial 2nd"]
[Site "Cornella de Llobregat"]
[Date "2014.11.24"]
[Round "9"]
[White "Tebar Ramon, Juan Bosco"]
[Black "Palacios Pena, Gerardo"]
[Result "1/2-1/2"]
[WhiteElo "2119"]
[BlackElo "1993"]
[PlyCount "30"]
[EventDate "2014.09.29"]
[EventType "swiss"]
[EventRounds "9"]
[EventCountry "ESP"]
[SourceTitle "EXT 2016"]
[Source "ChessBase"]
[SourceDate "2015.10.08"]
[SourceVersion "1"]
[SourceVersionDate "2015.10.08"]
[SourceQuality "1"]

1. Nf3 d5 2. c4 c6 3. e3 Nf6 4. Nc3 g6 5. d4 Bg7 6. cxd5 Nxd5 7. Bd2 0-0 8. Be2 Nd7 9. Nxd5 cxd5 10. 0-0 Nf6 11. Bb4 Bg4 12. h3 Bxf3 13. Bxf3 Re8 14. Re1 Rc8 15. Qb3 Qd7 1/2-1/2

[Event "Cornella Pinol Memorial 2nd"]
[Site "Cornella de Llobregat"]
[Date "2014.11.10"]
[Round "7"]
[White "Parayre Soguero, Jordi"]
[Black "Tebar Ramon, Juan Bosco"]
[Result "1-0"]
[WhiteElo "2110"]
[BlackElo "2119"]
[PlyCount "91"]
[EventDate "2014.09.29"]
[EventType "swiss"]
[EventRounds "9"]
[EventCountry "ESP"]
[SourceTitle "EXT 2016"]
[Source "ChessBase"]
[SourceDate "2015.10.08"]
[SourceVersion "1"]
[SourceVersionDate "2015.10.08"]
[SourceQuality "1"]

1. d4 d6 2. Nf3 Nf6 3. c4 g6 4. Nc3 Bg7 5. e4 0-0 6. Be2 e5 7. 0-0 Nbd7 8. d5 Nc5 9. Qc2 a5 10. Be3 b6 11. Nd2 Bd7 12. b3 Ng4 13. Bxg4 Bxg4 14. f3 Bd7 15. a3 f5 16. b4 axb4 17. axb4 Na6 18. Qb3 Qh4 19. c5 Bh6 20. Bf2 Qg5 21. cxb6 Qxd2 22. b7 Rab8 23. Rxa6 Rxb7 24. Rd1 Qg5 25. b5 Rfb8 26. Rc6 Qe7 27. Qc4 Be8 28. Rb1 Qf7 29. b6 Bxc6 30. Qxc6 fxe4 31. Nxe4 Rxb6 32. Rxb6 cxb6 33. Qxd6 Rc8 34. Bxb6 Rc1+ 35. Kf2 Rc2+ 36. Ke1 Rc1+ 37. Ke2 Qb7 38. Qe6+ Kh8 39. Qxe5+ Kg8 40. Nf6+ Kf7 41. Qe6+ Kg7 42. Qg8+ Kxf6 43. Bd4+ Kg5 44. Qd8+ Kf5 45. g4+ Kf4 46. Qf6# 1-0

[Event "Cornella Pinol Memorial 2nd"]
[Site "Cornella de Llobregat"]
[Date "2014.10.06"]
[Round "2"]
[White "Tebar Ramon, Juan Bosco"]
[Black "Gonzalez Perez, Arian"]
[Result "0-1"]
[WhiteElo "2119"]
[BlackElo "2540"]
[PlyCount "58"]
[EventDate "2014.09.29"]
[EventType "swiss"]
[EventRounds "9"]
[EventCountry "ESP"]
[SourceTitle "EXT 2016"]
[Source "ChessBase"]
[SourceDate "2015.10.08"]
[SourceVersion "1"]
[SourceVersionDate "2015.10.08"]
[SourceQuality "1"]

1. d4 d5 2. Nf3 Nf6 3. c4 c6 4. e3 Bf5 5. Qb3 Qc7 6. Nc3 e6 7. Be2 Nbd7 8. Bd2 Be7 9. Rc1 Qb6 10. Qxb6 axb6 11. a3 h6 12. 0-0 0-0 13. h3 Ne8 14. Ne1 Nd6 15. cxd5 exd5 16. g4 Bg6 17. Na2 Ne4 18. Nf3 f5 19. Bb4 Rae8 20. Bxe7 Rxe7 21. Nh4 Bh7 22. Nc3 Ng5 23. Kh2 f4 24. exf4 Rxf4 25. Nf5 Bxf5 26. gxf5 Rxd4 27. Bg4 Nf6 28. Rce1 Rxe1 29. Rxe1 Nxg4+ 0-1

[Event "Cornella Pinol Memorial 1st"]
[Site "Cornella de Llobregat"]
[Date "2013.11.18"]
[Round "8"]
[White "Tebar Ramon, Juan Bosco"]
[Black "Garcia Riera, Josep"]
[Result "1/2-1/2"]
[WhiteElo "2029"]
[BlackElo "2006"]
[PlyCount "111"]
[EventDate "2013.09.30"]
[EventType "swiss"]
[EventRounds "9"]
[EventCountry "ESP"]
[SourceTitle "EXT 2015"]
[Source "ChessBase"]
[SourceDate "2014.11.20"]
[SourceVersion "1"]
[SourceVersionDate "2014.11.20"]
[SourceQuality "1"]

1. d4 d5 2. Nf3 Nf6 3. Bf4 e6 4. e3 Bd6 5. Ne5 0-0 6. Bd3 c5 7. c3 Qc7 8. Nd2 Nc6 9. Ndf3 cxd4 10. exd4 Ne4 11. Bg3 f6 12. Nxc6 bxc6 13. Bxd6 Qxd6 14. Bxe4 dxe4 15. Nd2 Qd5 16. 0-0 e5 17. dxe5 Qxe5 18. Re1 Bf5 19. Nc4 Qe6 20. Ne3 Bg6 21. Qb3 Bf7 22. Qxe6 Bxe6 23. b3 Rad8 24. Rad1 Kf7 25. Rxd8 Rxd8 26. Rd1 Rxd1+ 27. Nxd1 f5 28. Kf1 Kf6 29. Ke2 Ke5 30. g3 g5 31. f3 f4 32. gxf4+ gxf4 33. Nf2 Bf5 34. fxe4 Bxe4 35. a3 Bc2 36. b4 Bg6 37. a4 Kd5 38. a5 Kc4 39. Kd2 Bf5 40. Nd1 Kb5 41. Nb2 c5 42. bxc5 Kxc5 43. Nd3+ Bxd3 44. Kxd3 Kb5 45. Ke4 Kxa5 46. Kxf4 Kb5 47. Ke3 Kc4 48. Kd2 a5 49. Kc2 h6 50. Kb2 h5 51. Kc2 h4 52. Kb2 h3 53. Kc2 a4 54. Kb2 Kd3 55. Ka3 Kxc3 56. Kxa4 1/2-1/2

[Event "Cornella Pinol Memorial 1st"]
[Site "Cornella de Llobregat"]
[Date "2013.10.28"]
[Round "5"]
[White "Exposito Cabrera, Joaquin"]
[Black "Tebar Ramon, Juan Bosco"]
[Result "1-0"]
[WhiteElo "2084"]
[BlackElo "2029"]
[PlyCount "101"]
[EventDate "2013.09.30"]
[EventType "swiss"]
[EventRounds "9"]
[EventCountry "ESP"]
[SourceTitle "EXT 2015"]
[Source "ChessBase"]
[SourceDate "2014.11.20"]
[SourceVersion "1"]
[SourceVersionDate "2014.11.20"]
[SourceQuality "1"]

1. e4 e6 2. d4 d5 3. exd5 exd5 4. c4 Bb4+ 5. Nc3 Qe7+ 6. Be3 Nf6 7. Bd3 dxc4 8. Bxc4 c6 9. Nf3 Nd5 10. Qd2 0-0 11. 0-0 Nxc3 12. bxc3 Bd6 13. Rfe1 Qc7 14. h3 Nd7 15. Bg5 Nb6 16. Bb3 Bf5 17. Ne5 Nd5 18. Bh4 f6 19. Nd3 Kh8 20. c4 Nf4 21. Nb2 g5 22. Bg3 Nxh3+ 23. gxh3 Bxg3 24. fxg3 Qxg3+ 25. Qg2 Qc3 26. Qf2 Qxh3 27. Re3 Qg4+ 28. Rg3 Qh4 29. Rg2 Qh3 30. Bc2 Bxc2 31. Qxc2 Qe3+ 32. Qf2 Rae8 33. Rd1 h5 34. Rg3 Qxf2+ 35. Kxf2 Re4 36. Re3 Rf4+ 37. Rf3 Re4 38. d5 cxd5 39. cxd5 Kg7 40. Rc3 Rf7 41. d6 Re8 42. d7 Rd8 43. Rc7 h4 44. Rxb7 Kg6 45. Rxa7 h3 46. Kg3 Rh7 47. Rh1 Rhxd7 48. Rxd7 Rxd7 49. Kxh3 Rd4 50. Rd1 Rc4 51. Nxc4 1-0

[Event "Cornella Pinol Memorial 1st"]
[Site "Cornella de Llobregat"]
[Date "2013.10.14"]
[Round "3"]
[White "Castrillo Mansego, Pablo"]
[Black "Tebar Ramon, Juan Bosco"]
[Result "1/2-1/2"]
[WhiteElo "1940"]
[BlackElo "2029"]
[PlyCount "46"]
[EventDate "2013.09.30"]
[EventType "swiss"]
[EventRounds "9"]
[EventCountry "ESP"]
[SourceTitle "EXT 2015"]
[Source "ChessBase"]
[SourceDate "2014.11.20"]
[SourceVersion "1"]
[SourceVersionDate "2014.11.20"]
[SourceQuality "1"]

1. e4 e6 2. d4 d5 3. Nd2 c5 4. Ngf3 Nc6 5. c3 dxe4 6. Nxe4 cxd4 7. Nxd4 Nxd4 8. Qxd4 Qxd4 9. cxd4 Bb4+ 10. Bd2 Bxd2+ 11. Kxd2 Nf6 12. Bb5+ Bd7 13. Bxd7+ Kxd7 14. Nc5+ Ke7 15. Rac1 Nd5 16. Rhd1 b6 17. Ne4 Rac8 18. Nc3 Nxc3 19. Rxc3 Rxc3 20. bxc3 Rd8 21. Kd3 Rd5 22. Rd2 Kd6 23. f4 h5 1/2-1/2